|
|
|
|
| LEADER |
02216nam a22004455i 4500 |
| 001 |
978-3-642-24103-1 |
| 003 |
DE-He213 |
| 005 |
20150519185010.0 |
| 007 |
cr nn 008mamaa |
| 008 |
120207s2012 gw | s |||| 0|eng d |
| 020 |
|
|
|a 9783642241031
|9 978-3-642-24103-1
|
| 024 |
7 |
|
|a 10.1007/978-3-642-24103-1
|2 doi
|
| 040 |
|
|
|d GrThAP
|
| 050 |
|
4 |
|a QR180-189.5
|
| 072 |
|
7 |
|a MJCM
|2 bicssc
|
| 072 |
|
7 |
|a MED044000
|2 bisacsh
|
| 082 |
0 |
4 |
|a 616.079
|2 23
|
| 245 |
1 |
0 |
|a Epigenetic Regulation of Lymphocyte Development
|h [electronic resource] /
|c edited by Cornelis Murre.
|
| 264 |
|
1 |
|a Berlin, Heidelberg :
|b Springer Berlin Heidelberg,
|c 2012.
|
| 300 |
|
|
|a X, 194 p.
|b online resource.
|
| 336 |
|
|
|a text
|b txt
|2 rdacontent
|
| 337 |
|
|
|a computer
|b c
|2 rdamedia
|
| 338 |
|
|
|a online resource
|b cr
|2 rdacarrier
|
| 347 |
|
|
|a text file
|b PDF
|2 rda
|
| 490 |
1 |
|
|a Current Topics in Microbiology and Immunology,
|x 0070-217X ;
|v 356
|
| 520 |
|
|
|a Previous observations, generated by many in the field, have provided a first glimpse into the epigenetic mechanisms that underpin lymphocyte and myeloid development. We are only now beginning to merge the multitude of observations into a common framework. At the same time it has become more difficult for the individual mind to comprehend more than a tiny focused fraction of it. The studies described in this volume serve as a starting point to familiarize one self with the multifarious differences in epigenetic designs that orchestrate the progression of developing blood cells. They also may serve as a general paradigm for the mechanisms that underpin the control of eukaryotic gene expression.
|
| 650 |
|
0 |
|a Medicine.
|
| 650 |
|
0 |
|a Gene expression.
|
| 650 |
|
0 |
|a Immunology.
|
| 650 |
1 |
4 |
|a Biomedicine.
|
| 650 |
2 |
4 |
|a Immunology.
|
| 650 |
2 |
4 |
|a Gene Expression.
|
| 700 |
1 |
|
|a Murre, Cornelis.
|e editor.
|
| 710 |
2 |
|
|a SpringerLink (Online service)
|
| 773 |
0 |
|
|t Springer eBooks
|
| 776 |
0 |
8 |
|i Printed edition:
|z 9783642241024
|
| 830 |
|
0 |
|a Current Topics in Microbiology and Immunology,
|x 0070-217X ;
|v 356
|
| 856 |
4 |
0 |
|u http://dx.doi.org/10.1007/978-3-642-24103-1
|z Full Text via HEAL-Link
|
| 912 |
|
|
|a ZDB-2-SBL
|
| 950 |
|
|
|a Biomedical and Life Sciences (Springer-11642)
|